Feminidad y servidumbre /

সংরক্ষণ করুন:
গ্রন্থ-পঞ্জীর বিবরন
প্রধান লেখক: Mejía Duque, Jaime
বিন্যাস: অজ্ঞাত
ভাষা:Spanish
বিষয়গুলি:
ট্যাগগুলো: ট্যাগ যুক্ত করুন
কোনো ট্যাগ নেই, প্রথমজন হিসাবে ট্যাগ করুন!

MARC

LEADER 000000000a22000000004500
001 002343
041 0 |a spa 
100 1 |a Mejía Duque, Jaime 
245 1 0 |a Feminidad y servidumbre /   |c Jaime Mejía Duque. 
310 |a bimestral 
650 4 |a FEMINIDAD 
650 4 |a EXPLOTACION DE LA MUJER 
650 4 |a CULTURA COLOMBIANA 
650 4 |a IGUALDAD DE DERECHOS 
773 0 |x 008-7157  |d Cuba : Casa de las Américas  |t Casa de las Américas  |g número 88, páginas 93-95 
942 |c ARC 
999 |c 9863  |d 9863